Geografía de Opción Múltiple #3 - Estadísticas

Estadísticas generales
  • Esta prueba ha sido intentada 11.150 veces
  • La puntuación promedio es 11 de 15
Estadísticas de respuestas
Pregunta Respuesta % Correcto
¿Cuál de estos países está en África? Sudán
97%
¿Cuál de estas monedas sigue en uso hoy en día? Franco Suizo
95%
¿Cuál de estos países limita con el Mar Mediterráneo? Croacia
88%
¿Cuál de estos países tiene una capital cuyo nombre comienza con C? Australia
86%
¿Cuál de estas capitales europeas está cerca de la costa? Dublín
84%
¿Cuál de estos países está en la Unión Europea? Polonia
78%
¿Cuál de estos mares limita con Italia? Mar Adriatico
76%
¿Cuál de estos países está en el Ecuador? República Democrática del Congo
72%
¿Cuál de estos países tiene un rey? Jordania
69%
¿Cuál de estas montañas se encuentra en los Estados Unidos? Monte Rainier
69%
¿Cuál de estos países estaba deshabitado en el año 1 DC? Islandia
68%
¿Cuál de estos países está ubicado en Indochina? Camboya
63%
¿Cuál de estos idiomas es un idioma oficial de Sudáfrica? Xhosa
59%
¿Cuál de estos países tiene una población en disminución? Rumania
55%
¿Cuál de estas ciudades está en Escocia? Aberdeen
52%
No se encontraron pruebas coincidentes
Distribución de puntuación
Porcentaje de gente con cada puntuación
Porcentaje por número respondido
Historial de tus puntuaciones
No has intentado esta prueba.